000 00536pab a2200181 454500
008 180718b2015 xxu||||| |||| 00| 0 eng d
100 _aBennister, Mark
245 _aThe limits to prime ministerial autonomy: Cameron and the constraints of coalition
260 _c2015
300 _ap.25-41.
362 _aJan
650 _aPrime ministers - Great Britain
650 _aCoalition governments - Great Britain
650 _aPrime ministers
700 _aHeffernan, Richard
773 _aParliamentary Affairs
909 _a108148
999 _c108143
_d108143